Most expensive Dutch footballers - Statistics

General Stats
  • This quiz has been taken 71 times
  • The average score is 8 of 10
Answer Stats
Year Buying club Player Price (Euro) % Correct
2019 Barcelona Frenkie de Jong €86 million
98%
2019 Juventus Matthijs de Ligt €85.5 million
95%
2022 Bayern Munich Matthijs de Ligt €67 million
95%
2024 Manchester United Matthijs de Ligt €45 million
95%
2018 Liverpool Virgil van Dijk €84.7 million
91%
2023 Liverpool Cody Gakpo €42 million
80%
2020 Manchester City Nathan Aké €45.3 million
78%
2024 Manchester United Joshua Zirkzee €42.5 million
66%
2024 Juventus Teun Koopmeiners €51.3 million
60%
2024 Aston Villa Ian Maatsen €44.5 million
49%
No matching quizzes found
Score Distribution
Percent of People with Each Score
Percentile by Number Answered
Your Score History
You have not taken this quiz